Effectif Everton saison 2023/2024 - Statistiques

Statistiques générales
  • Ce quiz a été pris 192 fois
    67 depuis la dernière actualisation
  • Le résultat moyen est 10 sur 26
Statistiques - réponses
Hint Réponse % Correct
G Jordan Pickford
91%
A Dominic Calvert-Lewin
79%
M Amadou Onana
70%
M Abdoulaye Doucouré
64%
D Séamus Coleman
64%
D James Tarkowski
55%
M Idrissa Gueye
52%
A Dwight McNeil
42%
D Ben Godfrey
39%
D Jarrad Branthwaite
39%
D Michael Keane
39%
A Beto
36%
D Vitaliy Mykolenko
36%
M James Garner
33%
M André Gomes
30%
D Ashley Young
30%
Coach Sean Dyche
30%
A Jack Harrison
27%
D Nathan Patterson
27%
A Arnaut Danjuma
21%
M Dele Alli
18%
A Youssef Chermiti
18%
G João Virgínia
12%
A Lewis Dobbin
6%
M Tyler Onyango
6%
G Andy Lonergan
0%
Aucun quiz correspondant
Distribution des résultats
% des personnes avec chaque résultat
Percentile par nombre de réponses
Votre historique - résultats
Vous n’avez pas pris ce quiz depuis la dernière actualisation